|
|
|
|
| LEADER |
00990nam a22002892a 4500 |
| 001 |
000927240 |
| 003 |
CZ BrMZK |
| 005 |
20090116111737.0 |
| 007 |
ta |
| 008 |
090116s1981 xr a er|||||||||||cze d |
| 015 |
|
|
|a cnb000399397
|
| 035 |
|
|
|a (OCoLC)40091515
|
| 040 |
|
|
|a ABA001
|b cze
|c ABA001
|d ABA001
|d BOA001
|
| 080 |
9 |
|
|a 513.8(075.8)
|
| 100 |
1 |
|
|a Mertl, Petr,
|d 1946-
|7 jn20010309643
|4 aut
|
| 245 |
1 |
0 |
|a Konstruktivní geometrie pro experimentální výuku /
|c Petr Mertl, Antonín Mojžíš, Zdeněk Veselý
|
| 250 |
|
|
|a 3. vyd.
|
| 260 |
|
|
|a Praha :
|b ČVUT,
|c 1981
|e (Ostrava :
|f MTZ)
|
| 300 |
|
|
|a 211 s. :
|b il ;
|c 4°
|
| 500 |
|
|
|a 1850 výt.
|
| 700 |
1 |
|
|a Mojžíš, Antonín
|7 jx20040913017
|4 aut
|
| 700 |
1 |
|
|a Veselý, Zdeněk
|7 jx20031202002
|4 aut
|
| 910 |
|
|
|a BOA001
|b 4-0840.228
|
| 964 |
|
|
|a Konstruktivní geometrie - učebnice - školy vysoké
|
| 990 |
|
|
|a BK
|
| 991 |
|
|
|b 200901
|
| 996 |
6 |
|
|b BC-666043
|c 4-0840.228
|l MZK
|r Sklad / do 1 hodiny
|n 0
|w 000927240
|u 000010
|a 1
|e BOA001
|j MZK50
|s P
|